000 01701 a2200241 4500
001 25593
005 20260407155540.0
008 260407a2007 arg spa d
003 AR-UNSa-BCEJYS
040 _aAR-UNSa-BCEJYS
_bspa
_cAR-UNSa-BCEJYS
080 _a347.72
_xSociedades comerciales
245 1 0 _aDerecho societario
_psociedades comerciales, civil y cooperativa
020 _a978-950-508-759-4
250 _a2a. ed. act. y ampl.
264 1 _aBuenos Aires :
_bAstrea
_c2007
300 _a2v. (736; 435 p.)
_c23 cm.
505 _aParte I : Constitución, gestión y disolución : 1. Nociones previas - 2. El acto o negocio constitutivo societario - 3. Los socios y los terceros - 4. Gestión social - 5. Disolución del vínculo y de la relación social - Parte II : Tipología : 6. Sociedades de personas - 7. Sociedad de responsabilidad limitada - 8. Sociedad anónima - Tomo II: 9. Sociedad en comandita por acciones - 10. Sociedades con participación estatal - 11. Sociedades con objeto específico - 12. Sociedades cooperativas - Parte III : Organización societaria.diversas formas societarias y contractuales : 13. Concentración económica - 14. Contratos de colaboración - 15. Reorganización societaria - 16. Sociedades constituidas en el extranjero - Parte IV : Ineficiencia e irregularidad : 17. Régimen de nulidad.la ineficiencia societaria - 18. Sociedad no constituida regularmente - 19. Sociedad de formación.
942 _cBK
590 _aniveau_biblio:m niveau_hierar:0
100 1 _aRichard, Efraín Hugo
700 1 _aMuiño, Orlando Manuel
856 4 1 _uhttps://biblioeco.unsa.edu.ar/pmb/images/libros/Dercho Societario (2007).jpg
_yImagen de portada
_qimage/jpeg
999 _c1407
_d1407